<?xml version="1.0" encoding="UTF-8"?>
<collection xmlns="http://www.loc.gov/MARC21/slim">
 <record>
  <leader>03820aam a22004098a 4500</leader>
  <controlfield tag="001">NCT_8756</controlfield>
  <controlfield tag="008">051108s2005                  ||||||viesd</controlfield>
  <datafield tag="999" ind1=" " ind2=" ">
   <subfield code="c">439</subfield>
   <subfield code="d">439</subfield>
  </datafield>
  <datafield tag="020" ind1=" " ind2=" ">
   <subfield code="c">168000</subfield>
  </datafield>
  <datafield tag="082" ind1="0" ind2="4">
   <subfield code="2">23rd ed.</subfield>
   <subfield code="a">615</subfield>
   <subfield code="b">Ph105</subfield>
  </datafield>
  <datafield tag="100" ind1="1" ind2=" ">
   <subfield code="a">Đào Văn Phan</subfield>
   <subfield code="e">Chủ biên</subfield>
  </datafield>
  <datafield tag="245" ind1="1" ind2="0">
   <subfield code="a">Dược lý học lâm sàng</subfield>
   <subfield code="c">Đào Văn Phan (chủ biên), Nguyễn Trọng Thông, Nguyễn Trần Giáng Hương</subfield>
  </datafield>
  <datafield tag="250" ind1=" " ind2=" ">
   <subfield code="a">Tái bản lần thứ 2, có sửa chữa, bổ sung</subfield>
  </datafield>
  <datafield tag="260" ind1=" " ind2=" ">
   <subfield code="a">H.</subfield>
   <subfield code="b">Y học</subfield>
   <subfield code="c">2012</subfield>
  </datafield>
  <datafield tag="300" ind1=" " ind2=" ">
   <subfield code="a">666tr.</subfield>
   <subfield code="b">bảng, hình vẽ</subfield>
   <subfield code="c">27cm</subfield>
  </datafield>
  <datafield tag="500" ind1=" " ind2=" ">
   <subfield code="a">ĐTTS ghi: Trường Đại học Y Hà Nội. Bộ môn Dược lý</subfield>
  </datafield>
  <datafield tag="520" ind1="3" ind2=" ">
   <subfield code="a">Dược lý học đại cương, thuốc tác dụng trên hệ thần kinh thực vật và hệ thần kinh trung ương. Hoá học trị liệu, thuốc tác dụng trên cơ quan và trên máu, chuyển hoá và mô. Hormon và các thuốc điều chỉnh rối loạn nội tiết. Điều trị ngộ độc thuốc cấp tính,...</subfield>
  </datafield>
  <datafield tag="655" ind1=" " ind2=" ">
   <subfield code="a">Dược</subfield>
  </datafield>
  <datafield tag="700" ind1="1" ind2=" ">
   <subfield code="a">Nguyễn Trọng Thông</subfield>
  </datafield>
  <datafield tag="700" ind1="1" ind2=" ">
   <subfield code="a">Nguyễn Trần Giáng Thông</subfield>
  </datafield>
  <datafield tag="942" ind1=" " ind2=" ">
   <subfield code="2">ddc</subfield>
   <subfield code="c">BK</subfield>
  </datafield>
  <datafield tag="952" ind1=" " ind2=" ">
   <subfield code="0">0</subfield>
   <subfield code="1">0</subfield>
   <subfield code="2">ddc</subfield>
   <subfield code="4">0</subfield>
   <subfield code="6">615_000000000000000_PH105</subfield>
   <subfield code="7">0</subfield>
   <subfield code="9">2391</subfield>
   <subfield code="a">000001</subfield>
   <subfield code="b">000001</subfield>
   <subfield code="d">2017-10-30</subfield>
   <subfield code="l">5</subfield>
   <subfield code="o">615 Ph105</subfield>
   <subfield code="p">MD.04268</subfield>
   <subfield code="r">2021-04-08</subfield>
   <subfield code="s">2021-03-25</subfield>
   <subfield code="v">168000.00</subfield>
   <subfield code="w">2017-10-30</subfield>
   <subfield code="y">BK</subfield>
  </datafield>
  <datafield tag="952" ind1=" " ind2=" ">
   <subfield code="0">0</subfield>
   <subfield code="1">0</subfield>
   <subfield code="2">ddc</subfield>
   <subfield code="4">0</subfield>
   <subfield code="6">615_000000000000000_PH105</subfield>
   <subfield code="7">0</subfield>
   <subfield code="9">2392</subfield>
   <subfield code="a">000001</subfield>
   <subfield code="b">000001</subfield>
   <subfield code="d">2017-10-30</subfield>
   <subfield code="l">8</subfield>
   <subfield code="m">1</subfield>
   <subfield code="o">615 Ph105</subfield>
   <subfield code="p">MD.04269</subfield>
   <subfield code="r">2021-01-28</subfield>
   <subfield code="s">2021-01-11</subfield>
   <subfield code="v">168000.00</subfield>
   <subfield code="w">2017-10-30</subfield>
   <subfield code="y">BK</subfield>
  </datafield>
  <datafield tag="952" ind1=" " ind2=" ">
   <subfield code="0">0</subfield>
   <subfield code="1">0</subfield>
   <subfield code="2">ddc</subfield>
   <subfield code="4">0</subfield>
   <subfield code="6">615_000000000000000_PH105</subfield>
   <subfield code="7">0</subfield>
   <subfield code="9">2393</subfield>
   <subfield code="a">000001</subfield>
   <subfield code="b">000001</subfield>
   <subfield code="d">2017-10-30</subfield>
   <subfield code="l">6</subfield>
   <subfield code="m">1</subfield>
   <subfield code="o">615 Ph105</subfield>
   <subfield code="p">MD.04270</subfield>
   <subfield code="r">2021-02-23</subfield>
   <subfield code="s">2021-01-28</subfield>
   <subfield code="v">168000.00</subfield>
   <subfield code="w">2017-10-30</subfield>
   <subfield code="y">BK</subfield>
  </datafield>
  <datafield tag="952" ind1=" " ind2=" ">
   <subfield code="0">0</subfield>
   <subfield code="1">0</subfield>
   <subfield code="2">ddc</subfield>
   <subfield code="4">0</subfield>
   <subfield code="6">615_000000000000000_PH105</subfield>
   <subfield code="7">0</subfield>
   <subfield code="9">2394</subfield>
   <subfield code="a">000001</subfield>
   <subfield code="b">000001</subfield>
   <subfield code="d">2017-10-30</subfield>
   <subfield code="l">3</subfield>
   <subfield code="m">1</subfield>
   <subfield code="o">615 Ph105</subfield>
   <subfield code="p">MD.04271</subfield>
   <subfield code="r">2021-04-01</subfield>
   <subfield code="s">2021-03-12</subfield>
   <subfield code="v">168000.00</subfield>
   <subfield code="w">2017-10-30</subfield>
   <subfield code="y">BK</subfield>
  </datafield>
  <datafield tag="952" ind1=" " ind2=" ">
   <subfield code="0">0</subfield>
   <subfield code="1">0</subfield>
   <subfield code="2">ddc</subfield>
   <subfield code="4">0</subfield>
   <subfield code="6">615_000000000000000_PH105</subfield>
   <subfield code="7">0</subfield>
   <subfield code="9">2395</subfield>
   <subfield code="a">000001</subfield>
   <subfield code="b">000001</subfield>
   <subfield code="d">2017-10-30</subfield>
   <subfield code="l">10</subfield>
   <subfield code="m">1</subfield>
   <subfield code="o">615 Ph105</subfield>
   <subfield code="p">MD.04272</subfield>
   <subfield code="r">2021-06-08</subfield>
   <subfield code="s">2021-05-10</subfield>
   <subfield code="v">168000.00</subfield>
   <subfield code="w">2017-10-30</subfield>
   <subfield code="y">BK</subfield>
  </datafield>
  <datafield tag="952" ind1=" " ind2=" ">
   <subfield code="0">0</subfield>
   <subfield code="1">0</subfield>
   <subfield code="2">ddc</subfield>
   <subfield code="4">0</subfield>
   <subfield code="6">615_000000000000000_PH105</subfield>
   <subfield code="7">0</subfield>
   <subfield code="9">2396</subfield>
   <subfield code="a">000001</subfield>
   <subfield code="b">000001</subfield>
   <subfield code="d">2017-10-30</subfield>
   <subfield code="l">4</subfield>
   <subfield code="o">615 Ph105</subfield>
   <subfield code="p">MD.04273</subfield>
   <subfield code="r">2021-01-14</subfield>
   <subfield code="s">2021-01-04</subfield>
   <subfield code="v">168000.00</subfield>
   <subfield code="w">2017-10-30</subfield>
   <subfield code="y">BK</subfield>
  </datafield>
  <datafield tag="952" ind1=" " ind2=" ">
   <subfield code="0">0</subfield>
   <subfield code="1">0</subfield>
   <subfield code="2">ddc</subfield>
   <subfield code="4">0</subfield>
   <subfield code="6">615_000000000000000_PH105</subfield>
   <subfield code="7">0</subfield>
   <subfield code="9">2397</subfield>
   <subfield code="a">000001</subfield>
   <subfield code="b">000001</subfield>
   <subfield code="d">2017-10-30</subfield>
   <subfield code="l">8</subfield>
   <subfield code="m">2</subfield>
   <subfield code="o">615 Ph105</subfield>
   <subfield code="p">MD.04274</subfield>
   <subfield code="r">2021-05-18</subfield>
   <subfield code="s">2021-05-05</subfield>
   <subfield code="v">168000.00</subfield>
   <subfield code="w">2017-10-30</subfield>
   <subfield code="y">BK</subfield>
  </datafield>
  <datafield tag="952" ind1=" " ind2=" ">
   <subfield code="0">0</subfield>
   <subfield code="1">0</subfield>
   <subfield code="2">ddc</subfield>
   <subfield code="4">0</subfield>
   <subfield code="6">615_000000000000000_PH105</subfield>
   <subfield code="7">0</subfield>
   <subfield code="9">2398</subfield>
   <subfield code="a">000001</subfield>
   <subfield code="b">000001</subfield>
   <subfield code="d">2017-10-30</subfield>
   <subfield code="l">9</subfield>
   <subfield code="o">615 Ph105</subfield>
   <subfield code="p">MD.04275</subfield>
   <subfield code="r">2021-04-05</subfield>
   <subfield code="s">2021-03-18</subfield>
   <subfield code="v">168000.00</subfield>
   <subfield code="w">2017-10-30</subfield>
   <subfield code="y">BK</subfield>
  </datafield>
  <datafield tag="952" ind1=" " ind2=" ">
   <subfield code="0">0</subfield>
   <subfield code="1">0</subfield>
   <subfield code="2">ddc</subfield>
   <subfield code="4">0</subfield>
   <subfield code="6">615_000000000000000_PH105</subfield>
   <subfield code="7">0</subfield>
   <subfield code="9">2399</subfield>
   <subfield code="a">000001</subfield>
   <subfield code="b">000001</subfield>
   <subfield code="d">2017-10-30</subfield>
   <subfield code="l">2</subfield>
   <subfield code="o">615 Ph105</subfield>
   <subfield code="p">MD.04276</subfield>
   <subfield code="r">2021-01-25</subfield>
   <subfield code="s">2021-01-11</subfield>
   <subfield code="v">168000.00</subfield>
   <subfield code="w">2017-10-30</subfield>
   <subfield code="y">BK</subfield>
  </datafield>
  <datafield tag="952" ind1=" " ind2=" ">
   <subfield code="0">0</subfield>
   <subfield code="1">0</subfield>
   <subfield code="2">ddc</subfield>
   <subfield code="4">0</subfield>
   <subfield code="6">615_000000000000000_PH105</subfield>
   <subfield code="7">0</subfield>
   <subfield code="9">2400</subfield>
   <subfield code="a">000001</subfield>
   <subfield code="b">000001</subfield>
   <subfield code="d">2017-10-30</subfield>
   <subfield code="l">5</subfield>
   <subfield code="o">615 Ph105</subfield>
   <subfield code="p">MD.04260</subfield>
   <subfield code="r">2021-03-16</subfield>
   <subfield code="s">2021-02-24</subfield>
   <subfield code="v">168000.00</subfield>
   <subfield code="w">2017-10-30</subfield>
   <subfield code="y">BK</subfield>
  </datafield>
  <datafield tag="952" ind1=" " ind2=" ">
   <subfield code="0">0</subfield>
   <subfield code="1">0</subfield>
   <subfield code="2">ddc</subfield>
   <subfield code="4">0</subfield>
   <subfield code="6">615_000000000000000_PH105</subfield>
   <subfield code="7">0</subfield>
   <subfield code="9">2401</subfield>
   <subfield code="a">000001</subfield>
   <subfield code="b">000001</subfield>
   <subfield code="d">2017-10-30</subfield>
   <subfield code="o">615 Ph105</subfield>
   <subfield code="p">MD.04267</subfield>
   <subfield code="r">2017-10-30</subfield>
   <subfield code="v">168000.00</subfield>
   <subfield code="w">2017-10-30</subfield>
   <subfield code="y">BK</subfield>
  </datafield>
  <datafield tag="952" ind1=" " ind2=" ">
   <subfield code="0">0</subfield>
   <subfield code="1">0</subfield>
   <subfield code="2">ddc</subfield>
   <subfield code="4">0</subfield>
   <subfield code="6">615_000000000000000_PH105</subfield>
   <subfield code="7">0</subfield>
   <subfield code="9">2402</subfield>
   <subfield code="a">000001</subfield>
   <subfield code="b">000001</subfield>
   <subfield code="d">2017-10-30</subfield>
   <subfield code="l">4</subfield>
   <subfield code="m">1</subfield>
   <subfield code="o">615 Ph105</subfield>
   <subfield code="p">MD.04278</subfield>
   <subfield code="r">2021-01-28</subfield>
   <subfield code="s">2021-01-11</subfield>
   <subfield code="v">168000.00</subfield>
   <subfield code="w">2017-10-30</subfield>
   <subfield code="y">BK</subfield>
  </datafield>
  <datafield tag="952" ind1=" " ind2=" ">
   <subfield code="0">0</subfield>
   <subfield code="1">0</subfield>
   <subfield code="2">ddc</subfield>
   <subfield code="4">0</subfield>
   <subfield code="6">615_000000000000000_PH105</subfield>
   <subfield code="7">0</subfield>
   <subfield code="9">2403</subfield>
   <subfield code="a">000001</subfield>
   <subfield code="b">000001</subfield>
   <subfield code="d">2017-10-30</subfield>
   <subfield code="l">3</subfield>
   <subfield code="o">615 Ph105</subfield>
   <subfield code="p">MD.04279</subfield>
   <subfield code="r">2021-03-29</subfield>
   <subfield code="s">2021-03-18</subfield>
   <subfield code="v">168000.00</subfield>
   <subfield code="w">2017-10-30</subfield>
   <subfield code="y">BK</subfield>
  </datafield>
  <datafield tag="952" ind1=" " ind2=" ">
   <subfield code="0">0</subfield>
   <subfield code="1">0</subfield>
   <subfield code="2">ddc</subfield>
   <subfield code="4">0</subfield>
   <subfield code="6">615_000000000000000_PH105</subfield>
   <subfield code="7">0</subfield>
   <subfield code="9">7141</subfield>
   <subfield code="a">000001</subfield>
   <subfield code="b">000001</subfield>
   <subfield code="d">2018-04-18</subfield>
   <subfield code="l">6</subfield>
   <subfield code="m">2</subfield>
   <subfield code="o">615 Ph105</subfield>
   <subfield code="p">MD.11000</subfield>
   <subfield code="r">2021-04-02</subfield>
   <subfield code="s">2021-03-12</subfield>
   <subfield code="v">168000.00</subfield>
   <subfield code="w">2018-04-18</subfield>
   <subfield code="y">BK</subfield>
  </datafield>
  <datafield tag="952" ind1=" " ind2=" ">
   <subfield code="0">0</subfield>
   <subfield code="1">0</subfield>
   <subfield code="2">ddc</subfield>
   <subfield code="4">0</subfield>
   <subfield code="6">615_000000000000000_PH105</subfield>
   <subfield code="7">0</subfield>
   <subfield code="9">13085</subfield>
   <subfield code="a">000001</subfield>
   <subfield code="b">000001</subfield>
   <subfield code="d">2018-08-07</subfield>
   <subfield code="l">5</subfield>
   <subfield code="o">615 Ph105</subfield>
   <subfield code="p">MD.04277</subfield>
   <subfield code="r">2020-07-06</subfield>
   <subfield code="s">2020-06-26</subfield>
   <subfield code="v">168000.00</subfield>
   <subfield code="w">2018-08-07</subfield>
   <subfield code="y">BK</subfield>
  </datafield>
  <datafield tag="980" ind1=" " ind2=" ">
   <subfield code="a">Thư viện Trường Đại học Nam Cần Thơ</subfield>
  </datafield>
 </record>
</collection>
